La marjolaine. (Record no. 170596)
[ view plain ]
| 000 -LEADER | |
|---|---|
| campo de control de longitud fija | 00767nam a22001935i 4500 |
| 001 - NÚMERO DE CONTROL | |
| campo de control | 170596 |
| 003 - IDENTIFICADOR DE NÚMERO DE CONTROL | |
| campo de control | ES-MaACL |
| 005 - FECHA Y HORA DE LA ÚLTIMA TRANSACCIÓN | |
| campo de control | 20230906214418.0 |
| 008 - DATOS DE LONGITUD FIJA--INFORMACIÓN GENERAL | |
| campo de control de longitud fija | 090323s1907 fr |||| | fre d |
| 080 ## - NÚMERO DE LA CLASIFICACIÓN DECIMAL UNIVERSAL | |
| Número de la Clasificación Decimal Universal | 821.133.1-2"19" |
| 100 1# - ENTRADA PRINCIPAL--NOMBRE DE PERSONA | |
| Nombre de persona | Richepin, Jacques. |
| 9 (RLIN) | 96949 |
| 245 13 - MENCIÓN DEL TÍTULO | |
| Título | La marjolaine. |
| Número de parte o sección de la obra | [Suite et fin |
| Resto del título | : pièce en cinq actes, en vers] / |
| Mención de responsabilidad, etc. | par Jacques Richepin. Les Fresnay : [comédie en un acte] / par Fernand Vandérem. |
| 260 ## - PUBLICACIÓN, DISTRIBUCIÓN, ETC. | |
| Lugar de publicación, distribución, etc. | [Paris : |
| Nombre del editor, distribuidor, etc. | L'Illustration, |
| Fecha de publicación, distribución, etc. | 1907] |
| 300 ## - DESCRIPCIÓN FÍSICA | |
| Extensión | P. [33]-53, 10 p. : |
| Otras características físicas | il. ; |
| Dimensiones | 30 cm. |
| 500 ## - NOTA GENERAL | |
| Nota general | Publicado en: L'Illustration théatrale, nº 62, 1er juin 1907. |
| 700 1# - ENTRADA AGREGADA--NOMBRE PERSONAL | |
| Nombre de persona | Vandérem, Fernand. |
| 9 (RLIN) | 139642 |
| 740 4# - ENTRADA AGREGADA--TÍTULO RELACIONADO/ANALÍTICO NO CONTROLADO | |
| Título relacionado o analítico no controlado | Les Fresnay. |
| 852 ## - LOCALIZACIÓN | |
| Ubicación | ES-MaACL |
| Número de control de estantería | 2278-F-18 |
| itemnumber | R.141175 |
| Nota libre | .- Biblioteca Jacinto Martínez Lacalle |
| Estatus retirado | Estado de pérdida | Estado de daño | No para préstamo | Colección | Biblioteca de origen | Biblioteca actual | Ubicación en estantería | Fecha de adquisición | Fuente de adquisición | Total de préstamos | Signatura topográfica completa | Código de barras | Visto por última vez | Precio de reemplazo | Tipo de ítem Koha |
|---|---|---|---|---|---|---|---|---|---|---|---|---|---|---|---|
| Colección de folletos | Biblioteca del Ateneo de Madrid | Biblioteca del Ateneo de Madrid | Depósito folletos | 23/03/2009 | 2278-F-18 | 1179031 | 23/02/2023 | 23/02/2023 | Folleto |
